'L' Cities by Picture Quiz Stats

 Plays Quiz Updated Feb 25, 2018

Challenge
Share
Tweet
Score 0/20 Timer 07:00
25 Plays Today
% Correct
London, United Kingdom
99.7%
Las Vegas, Nevada, USA
84.1%
Los Angeles, California, USA
66.2%
Lisbon, Portugal
58.1%
Lima, Peru
51.9%
Luxor, Egypt
50.5%
La Paz, Bolivia
46.5%
Lagos, Nigeria
42.6%
Lhasa, China
38.2%
Lahore, Pakistan
38%
% Correct
Lyon, France
33.6%
Liverpool, United Kingdom
32%
Luanda, Angola
28.6%
Louisville, Kentucky, USA
21.3%
Lilongwe, Malawi
20.7%
Lomé, Togo
20.7%
Ljubljana, Slovenia
19%
Leipzig, Germany
17.9%
Lucknow, India
10%
Liège, Belgium
8.4%

You're not logged in!

Compare scores with friends on all Sporcle quizzes.
Join for Free
OR
Log In

You Might Also Like...

Show Comments

Extras

Top Quizzes Today


Score Distribution

Your Account Isn't Verified!

In order to create a playlist on Sporcle, you need to verify the email address you used during registration. Go to your Sporcle Settings to finish the process.

Report this User

Report this user for behavior that violates our Community Guidelines.

Details: